<?xml version="1.0" encoding="UTF-8"?>
<record
    xmlns:xsi="http://www.w3.org/2001/XMLSchema-instance"
    xsi:schemaLocation="http://www.loc.gov/MARC21/slim http://www.loc.gov/standards/marcxml/schema/MARC21slim.xsd"
    xmlns="http://www.loc.gov/MARC21/slim">

  <leader>00428nam a22001457a 4500</leader>
  <controlfield tag="005">20260617094831.0</controlfield>
  <controlfield tag="008">181221b           ||||| |||| 00| 0 eng d</controlfield>
  <datafield tag="040" ind1=" " ind2=" ">
    <subfield code="c">PK-LaUMT</subfield>
  </datafield>
  <datafield tag="082" ind1=" " ind2=" ">
    <subfield code="a">RHC 297.74</subfield>
    <subfield code="b">ABU-B</subfield>
  </datafield>
  <datafield tag="100" ind1="1" ind2=" ">
    <subfield code="a">Maududi, Syed Abul Ala</subfield>
    <subfield code="9">11418</subfield>
  </datafield>
  <datafield tag="245" ind1=" " ind2=" ">
    <subfield code="a">Bao aur bigaar(&#x628;&#x646;&#x627;&#x648; &#x627;&#x648;&#x631; &#x628;&#x6AF;&#x627;&#x691;)/</subfield>
    <subfield code="c">Abul Ala Maududi</subfield>
  </datafield>
  <datafield tag="260" ind1=" " ind2=" ">
    <subfield code="a">&#x644;&#x627;&#x6C1;&#x648;&#x631;:</subfield>
    <subfield code="b">&#x645;&#x6A9;&#x62A;&#x628;&#x6C1; &#x62C;&#x645;&#x627;&#x639;&#x62A; &#x627;&#x633;&#x644;&#x627;&#x645;&#x6CC;</subfield>
    <subfield code="c">1948</subfield>
  </datafield>
  <datafield tag="300" ind1=" " ind2=" ">
    <subfield code="a">47</subfield>
  </datafield>
  <datafield tag="942" ind1=" " ind2=" ">
    <subfield code="c">BK</subfield>
  </datafield>
  <datafield tag="999" ind1=" " ind2=" ">
    <subfield code="c">109728</subfield>
    <subfield code="d">109728</subfield>
  </datafield>
  <datafield tag="952" ind1=" " ind2=" ">
    <subfield code="0">0</subfield>
    <subfield code="1">0</subfield>
    <subfield code="4">0</subfield>
    <subfield code="7">0</subfield>
    <subfield code="a">01</subfield>
    <subfield code="b">01</subfield>
    <subfield code="d">2018-12-21</subfield>
    <subfield code="l">0</subfield>
    <subfield code="o">RHC 297.74 ABU-B</subfield>
    <subfield code="p">127161</subfield>
    <subfield code="r">2018-12-21 00:00:00</subfield>
    <subfield code="w">2018-12-21</subfield>
    <subfield code="y">BK</subfield>
  </datafield>
</record>
